| 000 | 00693nam a22002177a 4500 | ||
|---|---|---|---|
| 005 | 20100807151036.0 | ||
| 010 | _aENG-98930 | ||
| 020 |
_a9788120338715 _c425.00 |
||
| 035 | _aEN-82462 | ||
| 037 | _bDBAD/PUB | ||
| 082 | _a664 | ||
| 100 |
_aRao, D.G. _98831 |
||
| 245 |
_aFundamentals of food engineering / _cby D.G.RAO |
||
| 260 |
_aNew Delhi _bPHI Learning _c2010 |
||
| 270 |
_aM-97, Connaught Circus _bNew Delhi _e110001 |
||
| 300 |
_axx, 614p. _c23cm (pbk) _bill. |
||
| 500 | _aIncludes index | ||
| 650 |
_aFood industry _98832 |
||
| 942 |
_2ddc _cEN _h664 _mRAO |
||
| 999 |
_c40147 _d40147 |
||